000 00961nam a2200229Ia 4500
001 11426
003 GE_BSU
008 181216s||||||||xx |||||||||||||| ||und||
040 _cGE_BSU
080 _a631.1(075.32)+635.65(075.32)
100 _aაბესაძე,გ.
245 _aპურეული და მარცვლეულ-პარკოსანი კულტურები.
245 _bსახელმძღვ.სოფლის მეურნეობის მეორე თანრიგის ოსტატთა მოსამზადებლად.
245 _cრედ:ც.ფირცხალავა.
260 _aთბილისი.
260 _bსახელგამი.
260 _c1954.
300 _a235გვ;23სმ.
300 _eილ.
653 _aპურეული და მარცვლეულ-პარკოსანი კულტურები.
942 _cBK
999 _c44623
_d44623